Normal view
MARC view
- TARGET ACQUISITION-MATHEMATICAL MODELS, ELECTRONIC IN MILITARY ENGINEERING, ALGORITHMS.ELECTRONIC WARFARE TARGET LOCATION METHODS
Entry Topical Term
001 - CONTROL NUMBER
- control field: 56674
003 - CONTROL NUMBER IDENTIFIER
- control field: NUST
005 - DATE AND TIME OF LATEST TRANSACTION
- control field: 20210628201744.0
008 - FIXED-LENGTH DATA ELEMENTS
- fixed length control field: 210628|| aca||aabn | a|a d
040 ## - CATALOGING SOURCE
- Original cataloging agency: NUST
- Transcribing agency: NUST
150 ## - HEADING--TOPICAL TERM
- Topical term or geographic name entry element: TARGET ACQUISITION-MATHEMATICAL MODELS, ELECTRONIC IN MILITARY ENGINEERING, ALGORITHMS.ELECTRONIC WARFARE TARGET LOCATION METHODS
670 ## - SOURCE DATA FOUND
- Source citation: Work cat.: (NUST): Poisel, Richard.A 56673, Electronic warfare target location methods, 2005
